Statistiken für Beliebteste Länder der Welt

Klicken Sie hier um das Quiz zu spielen!

Allgemein

  • Dieses Quiz wurde 423 mal gespielt
  • Das Durchschnittsergebnis liegt bei 13 aus 15

Antwortstatistiken

Tipp:Antwort:% Korrekt
4. EuropaDeutschland
98%
10. EuropaFrankreich
97%
8. NordamerikaUSA
96%
3. NordamerikaKanada
95%
2. AsienJapan
94%
7. OzeanienAustralien
93%
6. EuropaSchweden
93%
9. EuropaNorwegen
91%
1. EuropaSchweiz
88%
14. EuropaFinnland
86%
12. OzeanienNeuseeland
85%
13. EuropaDänemark
82%
11. EuropaNiederlande
82%
5. EuropaGroßbritannien
76%
15. AsienSingapur
50%

Verteilung der Resultate

Perzentil nach korrekt beantworteten Fragen

Anzahl Personen mit jedem Resultat

Ihre Resultats-Entwicklung

Sie haben dieses Quiz noch nicht gespielt